01405nam a22002537a 4500008004100000020001500041020001800056040001800074041000800092100002200100245011000122260008000232300003600312500004900348504006100397505042800458650003300886650003200919650003900951650003000990650003401020700002801054856006901082130821s2006 xxua gr eng  a1591396905 a9781591396901 aCo-BoUCMbspa00aeng1 aKaplan, Robert S.10aAlignment using the balanced scorecard to create corporate synergiescRobert S. Kaplan, David P. Norton. aBoston (Massachusetts, Estados Unidos)bHarvard Business School Pressc2006 ax, 302 páginasbilustraciones aEjemplar 4 Donación Dr. Guillermo Galán. aIncluye referencias bibliográficas e índice general.0 aAlignment : a source of economic value -- Corporate strategy and structure : historical perspective -- Aligning financial and customer strategies -- Aligning internal process and learning and growth strategies : integrated strategic themes -- Aligning support functions -- Cascading : the process -- Aligning boards and investors -- Aligning external partners -- Managing the alignment process -- Total strategic alignment.04aAdministración de empresas04aAdministración industrial04aAlianzas estratégicas (Negocios)04aOrganización industrial04aPlanificación estratégica1 aNorton, David P.d1941-41zContenidouhttp://www.loc.gov/catdir/toc/ecip062/2005030504.html